| 000 | 00583nam a22001937a 4500 | ||
|---|---|---|---|
| 999 |
_c7953 _d7953 |
||
| 003 | OSt | ||
| 005 | 20220808154724.0 | ||
| 008 | 220808b ||||| |||| 00| 0 eng d | ||
| 020 | _a9781439837085 | ||
| 040 | _cDDC | ||
| 082 | _a632.95 INS 2012 | ||
| 100 |
_aAntonio, Panizzi R; JoseR.P. Parra _916153 |
||
| 245 | _aInsect Bioecology andNutrition for Integrated pest Management. | ||
| 260 |
_aBroken Sound Parkway: _bTaylor and Francis Group; _cc2012 |
||
| 300 |
_axvii,732p: _bill; _c25cm. |
||
| 504 | _aIncludes Index. | ||
| 650 |
_aInsect Bioecology . _916154 |
||
| 942 |
_2ddc _cBOOK |
||